| 000 | 00532nam a2200217Ia 4500 | ||
|---|---|---|---|
| 999 |
_c5760 _d5760 |
||
| 003 | 0100 | ||
| 008 | 130227s9999 xx 000 0 und d | ||
| 040 | _cARRUPELIB | ||
| 050 | _aDT512.3D3O41 | ||
| 100 |
_aOkoampa-Ahoofe, Kwame _932240 |
||
| 245 | _aDr. J. B. Danquah | ||
| 245 | _barchitect of modern Ghana | ||
| 260 |
_biUniverse _aNew York _c2005 |
||
| 300 | _axv | ||
| 300 | _b 129p. 25cm. | ||
| 600 |
_aDanquah, Joseph Boakye _932241 |
||
| 650 |
_aGhana _xPolitics _y1957 _932242 |
||
| 942 |
_2lcc _cMONOGRAPH |
||